mięśnie głowy i szyi - Statystyki

Ogólne statystyki
  • Ten quiz został rozwiązany 7 razy
  • Średni wynik to 19 z 66
Statystyki odpowiedzi
Hint Odpowiedź % Poprawnych
dźwigacz kąta ust
100%
dźwigacz wargi górnej
100%
jarzmowy mniejszy
100%
jarzmowy większy
100%
nosowy
100%
obniżacz wargi dolnej
100%
mięśnie twarzy okrężny oka
100%
okręzny ust
100%
policzkowy
100%
mięśnie żucia skroniowy
100%
śmiechowy
100%
żwacz
100%
bródkowo-językowy
50%
bródkowy
50%
mięsnie przedkręgowe długi głowy
50%
długi szyi
50%
dźwigacz wargi górnej i skrzydła nosa
50%
mięsnie języka gnykowo-językowy
50%
podłużny
50%
podniebienno-językowy
50%
mięśnie wewnętrzne języka poprzeczny języka
50%
potyliczno-czołowy
50%
uszny górny
50%
mięśnie małżowiny usznej uszny przedni
50%
uszny tylny
50%
mięśnie nadgnykowe bródkowo-gnykowy
0%
dwubrzuścowy
0%
dźwigacz podniebienia miękkiego
0%
mięsnie rotacji oka dźwigacz powieki górnej
0%
mięsnie podgnykowe łopatkowo-gnykowy
0%
mięśnie podniebienia miękkiego i gardła mięsień języczka
0%
mięsień marszczący brwi
0%
mostkowo-gnykowy
0%
mięsień mostkowy mostkowo-obojczykowo-suteczkowaty
0%
mostkowo-tarczowy
0%
napinacz podniebienia miękkiego
0%
obniżacz przegrody nosa
0%
pierścienno-gardłowy
0%
pionowy języka
0%
mięśnie pochyłe pochyły przedni
0%
pochyły środkowy
0%
pochyły tylny
0%
podłużny dolny
0%
podłuzny górny
0%
podniebienno-gardłowy
0%
podniebienno-gardłowy
0%
prosty boczny
0%
prosty dolny
0%
prosty głowy przedni
0%
prosty górny
0%
prosty przyśrodkowy
0%
ryclowo-gardłowy
0%
ryclowo-gnykowy
0%
ryclowo-językowy
0%
skośny dolny
0%
skośny górny
0%
skroniowo-ciemieniowy
0%
skrzydłowy boczny
0%
skrzydłowy przyśrodkowy
0%
tarczkowy górny
0%
tarczowo-gnykowy
0%
trąbkowo-gardłowy
0%
żuchwowo-gnykowy
0%
zwieracz gardła
0%
mięśnie gardłowe zwieracz górny gardła
0%
zwieracz środkowy gardla
0%
Nie znaleziono quizów pasujących do podanych kryteriów
Rozkład punktacji
Procent ludzi z każdym wynikiem
Percentyl według liczby udzielonych odpowiedzi
Twoja historia wyników
Nie rozwiązałeś tego quizu